Faculty of Law Library — Cairo University

Official Online Catalog

أصول تنظيم علاقة الرعوية/ (Record no. 42948)

MARC details
000 -LEADER
fixed length control field 01205nam a2200313 i 4500
003 - CONTROL NUMBER IDENTIFIER
control field EG-GICUC
005 - DATE AND TIME OF LATEST TRANSACTION
control field 20260121101216.0
008 - FIXED-LENGTH DATA ELEMENTS--GENERAL INFORMATION
fixed length control field 251112s2011 ua ||||fr ||| 00| 0 ara d
017 ## - COPYRIGHT OR LEGAL DEPOSIT NUMBER
Copyright or legal deposit number 19885636
040 ## - CATALOGING SOURCE
Original cataloging agency EG-GICUC
Transcribing agency EG-GICUC
Modifying agency EG-GICUC
Description conventions rda
Language of cataloging ara
041 0# - LANGUAGE CODE
Language code of text/sound track or separate title ara
082 04 - DEWEY DECIMAL CLASSIFICATION NUMBER
Edition number 21
Classification number 341.81
Item number ع ن . ا
092 04 - LOCALLY ASSIGNED DEWEY CALL NUMBER (OCLC)
Edition number 21
099 ## - LOCAL FREE-TEXT CALL NUMBER (OCLC)
Classification number Law1 12 341.81 ع ن . ا 3 ed - 2011
100 0# - MAIN ENTRY--PERSONAL NAME
Personal name عنايت عبدالحميد ثابت
Relator term مؤلف.
245 12 - TITLE STATEMENT
Title أصول تنظيم علاقة الرعوية/
Statement of responsibility, etc. عنايت عبدالحميد ثابت.
250 ## - EDITION STATEMENT
Edition statement الطبعة الثالثة
Remainder of edition statement منقحة ومزيدة
264 #0 - PRODUCTION, PUBLICATION, DISTRIBUTION, MANUFACTURE, AND COPYRIGHT NOTICE
Place of production, publication, distribution, manufacture القاهرة:
Name of producer, publisher, distributor, manufacturer مطابع الدار الهندسية,
Date of production, publication, distribution, manufacture, or copyright notice 2011.
300 ## - PHYSICAL DESCRIPTION
Extent 191 صفحة؛
Dimensions 30 سم.
336 ## - CONTENT TYPE
Content type term text
Source rda content
337 ## - MEDIA TYPE
Media type term Computer
Source rda media
338 ## - CARRIER TYPE
Carrier type term Online Resource
Source rda carrier
504 ## - BIBLIOGRAPHY, ETC. NOTE
Bibliography, etc. note يحتوي على ارجاعات ببليوجرافية<br/>
546 ## - LANGUAGE NOTE
Language note النص أغلبه باللغة العربية مع بعض النصوص الفرنسية
650 1# - SUBJECT ADDED ENTRY--TOPICAL TERM
Topical term or geographic name entry element الجنسية
General subdivision قانون دولي خاص
856 ## - ELECTRONIC LOCATION AND ACCESS
Uniform Resource Identifier <a href="https://fll.law.cu.edu.eg/fulltext/th/B12-01253.pdf">https://fll.law.cu.edu.eg/fulltext/th/B12-01253.pdf</a>
905 ## - Cataloger and Reviser Names
Cataloger Name: Rawan khaled
942 ## - ADDED ENTRY ELEMENTS (KOHA)
Source of classification or shelving scheme Dewey Decimal Classification
Koha item type Books
Edition 21
Suppress in OPAC No
Holdings
Withdrawn status Lost status Source of classification or shelving scheme Damaged status Not for loan Collection Home library Current library Date acquired Total checkouts Full call number Barcode Date last seen Copy number Price effective from Koha item type
    Dewey Decimal Classification   Not for loan القانون الدولي الخاص جــــامعة القــاهرة مكتبة كلية الحقوق - المبنى الرئيسي 12.11.2025   Law1 12 341.81 ع ن . ا 3 ed - 2011 1201253 C1 B12-01253 12.11.2025 1 12.11.2025 Books
    Dewey Decimal Classification     القانون الدولي الخاص جــــامعة القــاهرة مكتبة كلية الحقوق - المبنى الرئيسي 16.11.2025   Law1 12 341.81 ع ن . ا 3 ed - 2011 1201121 C2 B12-01121 16.11.2025 2 16.11.2025 Books

© All rights reserved — Faculty of Law, Cairo University